[Event "FIN-chT 2324"]
[Site "Finland"]
[Date "2023.11.26"]
[Round "6.8"]
[White "Pitkaaho, Arto"]
[Black "Mannberg, Henry"]
[Result "1/2-1/2"]
[WhiteElo "2125"]
[BlackElo "1907"]
[PlyCount "97"]
[EventDate "2023.09.23"]
[EventType "team-tourn"]
[EventRounds "11"]
[EventCountry "FIN"]
[SourceTitle "EXT 2025"]
[Source "ChessBase"]
[SourceDate "2024.10.14"]
[SourceVersion "1"]
[SourceVersionDate "2024.10.14"]
[SourceQuality "1"]
[WhiteTeam "Raahe Li"]
[BlackTeam "Gambiitti"]
[WhiteTeamCountry "FIN"]
[BlackTeamCountry "FIN"]

1. c4 e5 2. Nc3 Nc6 3. Nf3 g6 4. d4 exd4 5. Nd5 Bg7 6. Bg5 f6 7. Bf4 d6 8. Nxd4 Nge7 9. Nb5 Nxd5 10. cxd5 a6 11. Nxc7+ Qxc7 12. dxc6 f5 13. Bxd6 Qa5+ 14. Qd2 Qxd2+ 15. Kxd2 bxc6 16. Kc2 f4 17. Rd1 Bf5+ 18. Kc1 Bh6 19. Be5 f3+ 20. e3 fxg2 21. Bxg2 0-0 22. Bc3 Bg4 23. Bxc6 Rad8 24. Rxd8 Rxd8 25. Kc2 Kf7 26. Rc1 Be2 27. Be4 Ke6 28. Re1 Bg4 29. Bd3 Rf8 30. f4 g5 31. Bxa6 gxf4 32. exf4+ Kd5 33. Bd3 Rxf4 34. Bxh7 Rf2+ 35. Kb3 Rxh2 36. Bg8+ Kc6 37. Rg1 Bf5 38. a4 Bc2+ 39. Ka2 Bxa4 40. Rg6+ Kc5 41. Ka3 Bc2 42. Re6 Rh4 43. b4+ Kb5 44. Kb2 Bd1 45. Re5+ Kb6 46. Re6+ Kb5 47. Re5+ Kb6 48. Re6+ Kb5 49. Re5+ 1/2-1/2

[Event "FIN-chT 2223"]
[Site "Finland"]
[Date "2022.10.16"]
[Round "4.8"]
[White "Lauronen, Timo"]
[Black "Mannberg, Henry"]
[Result "0-1"]
[WhiteElo "2027"]
[BlackElo "1902"]
[PlyCount "76"]
[EventDate "2022.09.24"]
[EventType "team-tourn"]
[EventRounds "11"]
[EventCountry "FIN"]
[SourceTitle "EXT 2024"]
[Source "ChessBase"]
[SourceDate "2023.10.10"]
[SourceVersion "1"]
[SourceVersionDate "2023.10.10"]
[SourceQuality "1"]
[WhiteTeam "Raahe Li"]
[BlackTeam "Gambiitti"]
[WhiteTeamCountry "FIN"]
[BlackTeamCountry "FIN"]

1. c4 e5 2. Nc3 Nc6 3. g3 g6 4. Bg2 Bg7 5. e4 d6 6. d3 Be6 7. Nge2 Qd7 8. Nd5 Nd4 9. Nxd4 exd4 10. Nf4 Ne7 11. Nxe6 Qxe6 12. 0-0 0-0 13. f4 Qc8 14. f5 f6 15. h4 Nc6 16. g4 Ne5 17. g5 Rb8 18. Bh3 b5 19. Kh2 Qe8 20. b3 bxc4 21. dxc4 c5 22. Bf4 Rb7 23. Qd2 Re7 24. Rae1 gxf5 25. exf5 Qh5 26. Kg3 Rfe8 27. Bxe5 Rxe5 28. Bg4 Qf7 29. Rxe5 dxe5 30. Re1 e4 31. Qf4 Qe7 32. Bh5 fxg5 33. hxg5 Be5 34. Bxe8 Bxf4+ 35. Kxf4 Qxe8 36. Rxe4 Qd8 37. Re5 Qd6 38. Ke4 Qxe5+ 0-1

[Event "EU-ch blitz"]
[Site "Tallinn"]
[Date "2019.12.07"]
[Round "1"]
[White "Mannberg, Henry"]
[Black "Sebenik, Matej"]
[Result "0-1"]
[WhiteElo "1955"]
[BlackElo "2457"]
[PlyCount "60"]
[EventDate "2019.12.07"]
[EventType "swiss (blitz)"]
[EventRounds "22"]
[EventCountry "EST"]
[SourceTitle "CBM 193 Extra"]
[Source "ChessBase"]
[SourceDate "2020.01.31"]
[SourceVersion "1"]
[SourceVersionDate "2020.01.31"]
[SourceQuality "1"]

1. c4 e5 2. Nc3 Nf6 3. g3 Bb4 4. Nd5 Nxd5 5. cxd5 0-0 6. Bg2 d6 7. a3 Ba5 8. b4 Bb6 9. d3 a5 10. b5 f5 11. Nf3 e4 12. dxe4 fxe4 13. Nd4 Nd7 14. 0-0 Nc5 15. Be3 a4 16. Rb1 Bg4 17. Qc2 Qe7 18. Rb4 Rae8 19. h3 Bh5 20. Kh2 Bf7 21. Nf5 Qe5 22. Nh4 Bxd5 23. Bd4 Qg5 24. Qc1 Qxc1 25. Rxc1 Nb3 26. Rd1 Nxd4 27. Rbxd4 Bxd4 28. Rxd4 c6 29. bxc6 bxc6 30. Rxa4 g5 0-1

[Event "Helsinki-chA"]
[Site "Helsinki"]
[Date "2018.01.02"]
[Round "4"]
[White "Mannberg, Henry"]
[Black "Juselius, Harry"]
[Result "1/2-1/2"]
[WhiteElo "1914"]
[BlackElo "1821"]
[PlyCount "46"]
[EventDate "2017.12.29"]
[EventType "tourn"]
[EventRounds "7"]
[EventCountry "FIN"]
[SourceTitle "EXT 2019"]
[Source "ChessBase"]
[SourceDate "2018.10.10"]
[SourceVersion "1"]
[SourceVersionDate "2018.10.10"]
[SourceQuality "1"]

1. c4 e5 2. Nc3 Nf6 3. g3 Bc5 4. Bg2 0-0 5. Nf3 d6 6. 0-0 Bg4 7. a3 c6 8. b4 Bb6 9. Bb2 Qd7 10. Rc1 Bc7 11. d4 e4 12. Nd2 d5 13. cxd5 cxd5 14. Qb3 Nc6 15. e3 Rac8 16. Rc2 Bh3 17. Rfc1 Bxg2 18. Kxg2 Qf5 19. h3 Bb6 20. Na4 Qd7 21. Nc5 Bxc5 22. Rxc5 b6 23. R5c2 Ne7 1/2-1/2

[Event "FIN-chT1B 1516"]
[Site "Finland"]
[Date "2015.11.08"]
[Round "4.8"]
[White "Pishro Dabaghian, Mohamad"]
[Black "Mannberg, Henry"]
[Result "1-0"]
[WhiteElo "2066"]
[BlackElo "1912"]
[PlyCount "147"]
[EventDate "2015.09.12"]
[EventType "team-tourn"]
[EventRounds "8"]
[EventCountry "FIN"]
[SourceTitle "EXT 2017"]
[Source "ChessBase"]
[SourceDate "2016.10.25"]
[SourceVersion "1"]
[SourceVersionDate "2016.10.25"]
[SourceQuality "1"]
[WhiteTeam "Espoo MatSK II"]
[BlackTeam "Vantaa Remi"]
[WhiteTeamCountry "FIN"]
[BlackTeamCountry "FIN"]

1. d4 Nf6 2. c4 e6 3. Nf3 b6 4. g3 Bb7 5. Bg2 Be7 6. 0-0 0-0 7. d5 exd5 8. Nh4 Na6 9. cxd5 d6 10. Nf5 Nc5 11. Nc3 a5 12. Nd4 Re8 13. Nc6 Qd7 14. b3 Bxc6 15. dxc6 Qf5 16. Bb2 h5 17. Qd4 Bf8 18. f3 Ne6 19. Qd2 Rad8 20. Rac1 d5 21. Nd1 Bc5+ 22. Kh1 d4 23. Nf2 Ng5 24. Nd3 Ne6 25. Nxc5 bxc5 26. Ba3 Nd5 27. Rfe1 Ne3 28. Qd3 Qxd3 29. exd3 Rd6 30. Bh3 Rxc6 31. Bxe6 Rexe6 32. Bxc5 Nd5 33. Bxd4 Nb4 34. Kg2 Rxe1 35. Rxe1 Nxd3 36. Re2 f6 37. Rd2 Nb4 38. Kf2 Kf7 39. a3 Na6 40. Ke3 g5 41. Kd3 Nc5+ 42. Bxc5 Rxc5 43. Kd4 Rc6 44. Re2 Rc1 45. b4 axb4 46. axb4 Rb1 47. Kc5 Rb3 48. b5 Rxf3 49. Rc2 Ke7 50. Kc6 Rb3 51. Rc5 Kd8 52. Kb7 h4 53. gxh4 gxh4 54. Rd5+ Ke7 55. Kxc7 Rc3+ 56. Kb7 Ke6 57. Rd2 f5 58. b6 f4 59. Rb2 f3 60. Ka8 Ra3+ 61. Kb8 Kf5 62. b7 Re3 63. Kc7 Re7+ 64. Kd6 Rxb7 65. Rxb7 Kf4 66. Rb4+ Ke3 67. Ke5 f2 68. Rf4 Ke2 69. Kf5 f1Q 70. Rxf1 Kxf1 71. Kg4 Kg2 72. h3 Kf2 73. Kxh4 Kf3 74. Kg5 1-0

[Event "FIN-chT1 West 1314"]
[Site "Finland"]
[Date "2014.03.08"]
[Round "7.8"]
[White "Varpanen, Jan"]
[Black "Mannberg, Henry"]
[Result "1-0"]
[WhiteElo "1865"]
[BlackElo "1907"]
[PlyCount "71"]
[EventDate "2013.09.21"]
[EventType "team-tourn"]
[EventRounds "9"]
[EventCountry "FIN"]
[SourceTitle "EXT 2022"]
[Source "ChessBase"]
[SourceDate "2021.10.06"]
[SourceVersion "1"]
[SourceVersionDate "2021.10.06"]
[SourceQuality "1"]
[WhiteTeam "Helsinki HSK"]
[BlackTeam "Vantaa Remi"]
[WhiteTeamCountry "FIN"]
[BlackTeamCountry "FIN"]

1. d4 Nf6 2. c4 e6 3. Nc3 Bb4 4. e3 0-0 5. Nge2 d5 6. a3 Bxc3+ 7. Nxc3 b6 8. cxd5 exd5 9. Bd3 Re8 10. 0-0 Ba6 11. Bxa6 Nxa6 12. Qd3 Nb8 13. b4 Nbd7 14. Bb2 a5 15. b5 Rc8 16. Rfc1 Nf8 17. a4 Re6 18. Ne2 Ng6 19. Ba3 Ne4 20. Rc2 Qh4 21. Ng3 Nxg3 22. hxg3 Qd8 23. Rac1 Re8 24. Rc3 Nf8 25. Bxf8 Kxf8 26. Qxh7 f6 27. Qh8+ Kf7 28. Qh5+ Kf8 29. Rc6 Re7 30. g4 Kg8 31. Qg6 Qf8 32. Qf5 Qd8 33. Rxb6 Re8 34. Rbc6 Re7 35. R1c5 Qf8 36. Qxd5+ 1-0

[Event "Helsinki-ch 2014 Group A1"]
[Site "Helsinki"]
[Date "2014.01.02"]
[Round "5"]
[White "Lehtinen, Tero1"]
[Black "Mannberg, Henry"]
[Result "1-0"]
[WhiteElo "1945"]
[BlackElo "1884"]
[PlyCount "97"]
[EventDate "2013.12.29"]
[EventType "tourn"]
[EventRounds "9"]
[EventCountry "FIN"]
[SourceTitle "EXT 2022"]
[Source "ChessBase"]
[SourceDate "2021.10.06"]
[SourceVersion "1"]
[SourceVersionDate "2021.10.06"]
[SourceQuality "1"]

1. d4 d5 2. Bf4 Nf6 3. Nf3 c6 4. e3 Bf5 5. Nh4 Bc8 6. Bd3 e6 7. Nd2 Be7 8. Nhf3 Nbd7 9. Ne5 Qb6 10. Rb1 c5 11. c3 c4 12. Bc2 Qa5 13. g4 h6 14. h4 Nxe5 15. Bxe5 Bd7 16. f4 0-0-0 17. 0-0 Ne8 18. f5 Bxh4 19. fxe6 Bxe6 20. Bf5 Bxf5 21. Rxf5 f6 22. Bh2 Nd6 23. Bxd6 Rxd6 24. Nxc4 Qc7 25. Nxd6+ Qxd6 26. Qf3 Rd8 27. c4 Qc7 28. Rxd5 Rxd5 29. cxd5 Qc2 30. Qf5+ Qxf5 31. gxf5 Kd7 32. Kg2 Kd6 33. e4 Bg5 34. Kf3 h5 35. Rh1 h4 36. Rh3 a5 37. Kg4 b5 38. Rb3 b4 39. a3 bxa3 40. Rxa3 Bc1 41. Rb3 Bg5 42. Rb7 Bc1 43. Rb6+ Ke7 44. e5 Be3 45. Rb7+ Kf8 46. e6 Bxd4 47. d6 g5 48. Rb8+ Kg7 49. e7 1-0

[Event "Helsinki-ch 2014 Group A1"]
[Site "Helsinki"]
[Date "2013.12.31"]
[Round "3"]
[White "Jarnefelt, Wilhelm"]
[Black "Mannberg, Henry"]
[Result "0-1"]
[WhiteElo "1835"]
[BlackElo "1884"]
[PlyCount "80"]
[EventDate "2013.12.29"]
[EventType "tourn"]
[EventRounds "9"]
[EventCountry "FIN"]
[SourceTitle "EXT 2022"]
[Source "ChessBase"]
[SourceDate "2021.10.06"]
[SourceVersion "1"]
[SourceVersionDate "2021.10.06"]
[SourceQuality "1"]

1. e4 c5 2. Nf3 d6 3. d4 cxd4 4. Nxd4 Nf6 5. Nc3 a6 6. Be3 e5 7. Nb3 Be6 8. f3 Nbd7 9. Nd5 Bxd5 10. exd5 b5 11. Qd2 Nb6 12. Bxb6 Qxb6 13. a4 b4 14. Bd3 g6 15. Qf2 Qc7 16. 0-0 Bg7 17. Rae1 0-0 18. Nd2 Nh5 19. g3 f5 20. b3 Nf6 21. Bc4 Kh8 22. Qg2 a5 23. g4 Qc5+ 24. Kh1 Nxd5 25. gxf5 Nf4 26. Qg4 gxf5 27. Qg3 d5 28. Rg1 Rg8 29. Qh4 dxc4 30. Nxc4 Rae8 31. Rg5 Qc6 32. Re3 Qf6 33. Qg3 h6 34. h4 hxg5 35. hxg5 Qg6 36. Nd6 Qh5+ 37. Kg1 Nh3+ 38. Kf1 Nxg5 39. f4 exf4 40. Qxf4 Qh1+ 0-1

[Event "Helsinki-ch 2014 Group A1"]
[Site "Helsinki"]
[Date "2013.12.30"]
[Round "2"]
[White "Mannberg, Henry"]
[Black "Patola, Eero"]
[Result "1/2-1/2"]
[WhiteElo "1884"]
[BlackElo "1932"]
[PlyCount "118"]
[EventDate "2013.12.29"]
[EventType "tourn"]
[EventRounds "9"]
[EventCountry "FIN"]
[SourceTitle "EXT 2022"]
[Source "ChessBase"]
[SourceDate "2021.10.06"]
[SourceVersion "1"]
[SourceVersionDate "2021.10.06"]
[SourceQuality "1"]

1. d4 Nf6 2. c4 e6 3. Nc3 Bb4 4. Qc2 0-0 5. a3 Bxc3+ 6. Qxc3 h6 7. Nf3 b6 8. g4 Bb7 9. Rg1 Ne4 10. Qc2 Ng5 11. Nxg5 hxg5 12. e4 d6 13. Be3 Nd7 14. Bd3 e5 15. 0-0-0 Qe7 16. d5 f6 17. Rg3 Kf7 18. Qe2 Rh8 19. Rh1 Rag8 20. Qf3 Ke8 21. Rh3 Nf8 22. Rxh8 Rxh8 23. Qd1 a5 24. f3 Bc8 25. Bf2 Bd7 26. h4 gxh4 27. Bxh4 g5 28. Bg3 Rxh1 29. Qxh1 Qh7 30. Qxh7 Nxh7 31. Kc2 Nf8 32. Kc3 Ng6 33. Be2 Kd8 34. b3 Kc8 35. a4 Kb7 36. Kd3 c6 37. Kc3 Ne7 38. Bf2 Ng6 39. Bg3 Kc7 40. Kd2 Be8 41. Kc3 Bd7 42. Kd2 Bc8 43. Ke3 Nf8 44. Kd2 Ba6 45. Bd3 Nd7 46. Bf2 Nb8 47. Kc2 Bc8 48. Kd2 Na6 49. Kc3 Nb4 50. Be2 Ba6 51. Bd1 cxd5 52. exd5 Bc8 53. Be3 Na6 54. Bc2 Nc5 55. Bxc5 dxc5 56. Bg6 Kd6 57. Kd3 Bd7 58. Ke4 Ke7 59. Bf5 Be8 1/2-1/2

[Event "Vierumaki We LahS"]
[Site "Vierumaki"]
[Date "2012.??.??"]
[Round "1"]
[White "Mannberg, Henry"]
[Black "Demidov, Jan"]
[Result "1/2-1/2"]
[WhiteElo "1902"]
[BlackElo "1776"]
[PlyCount "66"]
[EventDate "2012.??.??"]
[EventType "swiss"]
[EventRounds "5"]
[EventCountry "FIN"]
[SourceTitle "EXT 2022"]
[Source "ChessBase"]
[SourceDate "2021.10.06"]
[SourceVersion "1"]
[SourceVersionDate "2021.10.06"]
[SourceQuality "1"]

1. e4 c5 2. Nc3 Nc6 3. g3 e5 4. Bg2 d6 5. d3 Nf6 6. h3 Be7 7. Be3 a6 8. Nge2 0-0 9. 0-0 b5 10. f4 Nd7 11. Nd5 Nb6 12. f5 Nxd5 13. exd5 Nd4 14. g4 Bg5 15. Bxg5 Nxe2+ 16. Qxe2 Qxg5 17. Rae1 h5 18. Qe3 Qxe3+ 19. Rxe3 hxg4 20. hxg4 f6 21. Rh3 Bb7 22. c4 bxc4 23. dxc4 Rab8 24. b3 Bc8 25. Kf2 Bd7 26. Rfh1 Kf7 27. Rh7 a5 28. Be4 a4 29. Bc2 axb3 30. Bxb3 Rb4 31. Rh8 Rfb8 32. Rxb8 Rxb8 33. Ke3 Rb4 1/2-1/2

[Event "FIN-chT1A 1112"]
[Site "Finland"]
[Date "2011.10.15"]
[Round "2"]
[White "Kinnari, Timo"]
[Black "Mannberg, Henry"]
[Result "1/2-1/2"]
[WhiteElo "1803"]
[BlackElo "1909"]
[PlyCount "123"]
[EventDate "2011.09.17"]
[EventType "team-tourn"]
[EventRounds "7"]
[EventCountry "FIN"]
[SourceTitle "EXT 2019"]
[Source "ChessBase"]
[SourceDate "2018.10.10"]
[SourceVersion "1"]
[SourceVersionDate "2018.10.10"]
[SourceQuality "1"]
[WhiteTeam "Vaasa VSS"]
[BlackTeam "Vantaa Remi"]
[WhiteTeamCountry "FIN"]
[BlackTeamCountry "FIN"]

1. e4 Nf6 2. e5 Nd5 3. d4 d6 4. c4 Nb6 5. exd6 cxd6 6. Nc3 g6 7. Be3 Bg7 8. Rc1 Nc6 9. b3 Bf5 10. g4 Bd7 11. Bg2 0-0 12. h3 e5 13. d5 Ne7 14. a4 a5 15. Ne4 Nbc8 16. c5 dxc5 17. Nxc5 Nd6 18. Nxb7 Nxb7 19. d6 Nc6 20. Bxc6 Bxc6 21. Rxc6 Qf6 22. Bb6 Nd8 23. Rc7 Ne6 24. Rc1 Qf4 25. Rc4 e4 26. Ne2 Qf3 27. Rg1 Be5 28. Qd5 Bh2 29. Rf1 Qxb3 30. Bc7 Nxc7 31. dxc7 Bxc7 32. Qxe4 Rfe8 33. Qc2 Qxc2 34. Rxc2 Bd6 35. f3 Bg3+ 36. Kd1 Rad8+ 37. Rd2 Bd6 38. Nc1 Bb4 39. Rxd8 Rxd8+ 40. Ke2 Rd2+ 41. Ke3 Rc2 42. Nd3 Ra2 43. Nxb4 axb4 44. a5 Rxa5 45. Rb1 Rb5 46. Rb3 Kg7 47. Kd4 Kf6 48. f4 h6 49. Kc4 Rb8 50. Kd4 Ke6 51. Re3+ Kd6 52. Rb3 f6 53. Kc4 g5 54. fxg5 hxg5 55. Rd3+ Ke5 56. Kb3 Rb6 57. Rf3 Ke4 58. Rf5 Ke3 59. Rf1 Ke2 60. Rf5 Ke3 61. Rf1 Ke2 62. Rf5 1/2-1/2

[Event "FIN-chT1B 1011"]
[Site "Finland"]
[Date "2011.01.22"]
[Round "6.8"]
[White "Mannberg, Henry"]
[Black "Aaltio, Erkki"]
[Result "0-1"]
[WhiteElo "1913"]
[BlackElo "2131"]
[PlyCount "60"]
[EventDate "2010.09.18"]
[EventType "team-tourn"]
[EventRounds "9"]
[EventCountry "FIN"]
[SourceTitle "EXT 2022"]
[Source "ChessBase"]
[SourceDate "2021.10.06"]
[SourceVersion "1"]
[SourceVersionDate "2021.10.06"]
[SourceQuality "1"]
[WhiteTeam "Vantaa Remi"]
[BlackTeam "Helsinki HSK II"]
[WhiteTeamCountry "FIN"]
[BlackTeamCountry "FIN"]

1. e4 c6 2. d4 d5 3. f3 dxe4 4. fxe4 e5 5. Nf3 Bg4 6. Bc4 Nd7 7. 0-0 Ngf6 8. c3 Bd6 9. Qb3 0-0 10. Ng5 Bh5 11. Qxb7 h6 12. Nf3 Nxe4 13. Qxc6 Ndf6 14. Nxe5 Rc8 15. Qa4 Bxe5 16. Bxf7+ Rxf7 17. dxe5 Qb6+ 18. Qd4 Ng4 19. Rxf7 Qxd4+ 20. cxd4 Rxc1+ 21. Rf1 Rxf1+ 22. Kxf1 Ne3+ 23. Kg1 Nc2 24. Na3 Nxa1 25. Nb5 Bf7 26. Nxa7 Bxa2 27. b4 Nc2 28. Nc6 Kf8 29. b5 Bd5 30. Kf1 Ke8 0-1

[Event "Helsinki-ch 2011 Group A1"]
[Site "Helsinki"]
[Date "2011.??.??"]
[Round "7"]
[White "Karttinen, Risto"]
[Black "Mannberg, Henry"]
[Result "1-0"]
[WhiteElo "1975"]
[BlackElo "1915"]
[PlyCount "97"]
[EventDate "2010.12.27"]
[EventType "tourn"]
[EventRounds "9"]
[EventCountry "FIN"]
[SourceTitle "EXT 2022"]
[Source "ChessBase"]
[SourceDate "2021.10.06"]
[SourceVersion "1"]
[SourceVersionDate "2021.10.06"]
[SourceQuality "1"]

1. c4 Nf6 2. Nc3 e6 3. e4 d6 4. g3 b6 5. Bg2 Bb7 6. d4 Nbd7 7. Nge2 Be7 8. 0-0 c5 9. e5 Bxg2 10. exf6 Bxf1 11. fxe7 Qxe7 12. Kxf1 0-0 13. Be3 f5 14. Qd2 Nf6 15. Bg5 Qb7 16. Bxf6 Qh1+ 17. Ng1 Rxf6 18. dxc5 dxc5 19. f3 f4 20. Qg2 Qxg2+ 21. Kxg2 fxg3 22. hxg3 Rd8 23. Rd1 Rff8 24. Kf2 Rxd1 25. Nxd1 Rd8 26. Ke2 Kf7 27. Nc3 h6 28. Nh3 g5 29. b3 Kg6 30. a4 Rd4 31. g4 h5 32. gxh5+ Kxh5 33. Nf2 Rh4 34. Nb5 a6 35. Nc7 b5 36. axb5 axb5 37. Nxb5 Kg6 38. Ne4 Kf5 39. Nxc5 Rh2+ 40. Ke3 Rb2 41. Nd4+ Kf6 42. Ncxe6 Rb1 43. Nc5 Ke5 44. Nd3+ Kd6 45. b4 Rh1 46. Nf5+ Kc7 47. Kd4 Rf1 48. Ne5 g4 49. fxg4 1-0

[Event "FIN-chT1B 1011"]
[Site "Finland"]
[Date "2010.09.19"]
[Round "2.8"]
[White "Koskinen, Veikko"]
[Black "Mannberg, Henry"]
[Result "1/2-1/2"]
[WhiteElo "1965"]
[BlackElo "1913"]
[PlyCount "39"]
[EventDate "2010.09.18"]
[EventType "team-tourn"]
[EventRounds "9"]
[EventCountry "FIN"]
[SourceTitle "EXT 2022"]
[Source "ChessBase"]
[SourceDate "2021.10.06"]
[SourceVersion "1"]
[SourceVersionDate "2021.10.06"]
[SourceQuality "1"]
[WhiteTeam "Helsinki KS 58"]
[BlackTeam "Vantaa Remi"]
[WhiteTeamCountry "FIN"]
[BlackTeamCountry "FIN"]

1. Nf3 Nf6 2. g3 b6 3. Bg2 Bb7 4. 0-0 e6 5. d3 d5 6. b3 Be7 7. Bb2 0-0 8. Nbd2 c5 9. e3 Nbd7 10. Qe2 Re8 11. c4 Rc8 12. Rfd1 Nf8 13. d4 Ng6 14. Rac1 Bd6 15. Ne5 Qe7 16. Ndf3 Ne4 17. Nxg6 hxg6 18. cxd5 exd5 19. dxc5 bxc5 20. Nd2 1/2-1/2